| 000 | 01808cam a22003854a 4500 | ||
|---|---|---|---|
| 999 |
_c21349 _d21349 |
||
| 001 | 13850040 | ||
| 005 | 20170121113704.0 | ||
| 008 | 050125s2005 nyua b 000 0 eng | ||
| 010 | _a 2005002264 | ||
| 015 |
_aGBA546725 _2bnb |
||
| 016 | 7 |
_a013210869 _2Uk |
|
| 020 | _a1568985452 (alk. paper) | ||
| 035 | _a(OCoLC)ocm57514739 | ||
| 040 |
_aDLC _cDLC _dYDX _dUKM _dBAKER _dIXA _dMUQ _dUBY _dYUS _dDLC |
||
| 042 | _apcc | ||
| 043 | _an-us-ny | ||
| 050 | 0 | 0 |
_aNA6232 _b.N37 2005 |
| 100 | 1 | _aNash, Eric Peter. | |
| 245 | 1 | 0 |
_aManhattan skyscrapers / _cEric P. Nash ; photographs by Norman McGrath ; introduction by Carol Willis. |
| 250 | _aRev. and expanded ed. | ||
| 260 |
_aNew York : _bPrinceton Architectural Press, _cc2005. |
||
| 300 |
_axi, 197 p. : _bchiefly col. ill. ; _c32 cm. |
||
| 504 | _aIncludes bibliographical references (p. 193). | ||
| 650 | 0 |
_aSkyscrapers _zNew York (State) _zNew York. |
|
| 650 | 0 |
_aArchitecture _zNew York (State) _zNew York _xHistory _y20th century. |
|
| 651 | 0 |
_aManhattan (New York, N.Y.) _xBuildings, structures, etc. |
|
| 700 | 1 | _aMcGrath, Norman. | |
| 856 | 4 | 1 |
_3Table of contents _uhttp://www.loc.gov/catdir/toc/ecip057/2005002264.html |
| 856 | 4 | 2 |
_3Publisher description _uhttp://www.loc.gov/catdir/enhancements/fy0722/2005002264-d.html |
| 856 | 4 | 2 |
_3Contributor biographical information _uhttp://www.loc.gov/catdir/enhancements/fy0738/2005002264-b.html |
| 906 |
_a7 _bcbc _corignew _d1 _eecip _f20 _gy-gencatlg |
||
| 942 |
_2lcc _cBOOKS _hNA 6232 .N37 2005 |
||